Vereinigtes-Königreich-Quiz - Sudden Death - Statistiken

Allgemein
  • Dieses Quiz wurde 139 mal gespielt
  • Das Durchschnittsergebnis liegt bei 4 aus 10
Answers on the Grid
Answers color-coded by a green-red scale on the quiz's grid according to % correct below.
Dies ist die Flagge des Vereinigten Königreichs: 🇬🇧
Das Vereinigte Königreich ist Mitglied in der NATO
Die Hauptstadt des Landes ist London
Das KFZ-Kennzeichen des Vereinigten Königreichs lautet "VK"
Das Vereinigte Königreich ist ein Mitglied der Europäischen Union
Die Währung des Landes ist der Euro
Das Vereinigte Königreich grenzt an ein Land mit dieser Flagge: 🇮🇪
England, Wales und Schottland bilden zusammen Großbritannien
Flächenmäßig ist das Vereinigte Königreich größer als Rumänien
London ist die Stadt mit den meisten Einwohner in Europa
(Russische Städte werden zu Europa gezählt)
Im Vereinigten Königreich leben mehr Männer als Frauen
Das Vereinigte Königreich hat bisher 4 ESC-Siege erreicht
Das Vereinigte Königreich hat mehr Einwohner als Kanada und Australien gemeinsam
Das BIP pro Kopf des Vereinigten Königreichs ist niedriger als das von Deutschland
Das Vereinigte Königreich ist eine konstitutionelle Monarchie
Das Vereinigte Königreich hat schon einmal an einer EM teilgenommen
Der aktuelle König ist Charles II.
Dies ist die Flagge Nordirlands: 🇬🇬
Im Vereinigten Königreich befindet sich das größte Madame Tussauds
Die Färöer sind eine autonome Inselgruppe, die zum Vereinigten Königreich gehört
 
Antwortstatistiken
Antwort % Korrekt
Dies ist die Flagge des Vereinigten Königreichs: 🇬🇧
58%
Das Vereinigte Königreich ist Mitglied in der NATO
48%
Die Hauptstadt des Landes ist London
48%
Das Vereinigte Königreich grenzt an ein Land mit dieser Flagge: 🇮🇪
43%
Im Vereinigten Königreich befindet sich das größte Madame Tussauds
40%
England, Wales und Schottland bilden zusammen Großbritannien
39%
Das Vereinigte Königreich ist eine konstitutionelle Monarchie
37%
Das BIP pro Kopf des Vereinigten Königreichs ist niedriger als das von Deutschland
27%
Das Vereinigte Königreich hat mehr Einwohner als Kanada und Australien gemeinsam
19%
Flächenmäßig ist das Vereinigte Königreich größer als Rumänien
16%
Keine übereinstimmenden Quizze gefunden
Verteilung der Resultate
Anzahl Personen mit jedem Resultat
Perzentil nach korrekt beantworteten Fragen
Ihre Resultats-Entwicklung
Sie haben dieses Quiz noch nicht gespielt